000 00817nam a2200229 i 4500
001 163408
003 ES-MaACL
005 20251015063143.0
008 981210s1863 fr |||| | fre d
040 _aCCPB | B
_bspa
_cCCPB | B
100 1 _aReybaud, Louis,
_d1799-1879
_9131751
245 1 3 _aLe coton
_b: son régime, ses problémes, son influence en Europe : nouvelle série des études sur le régime des manufactures /
_cpar Louis Reybaud.
260 _aParis :
_bMichel Lévy Frères,
_c1863 (
_fImp. de Pillet Fils Ainé)
300 _aVIII, 465 p. ;
_c23 cm.
596 _aMarca tip. en port.
597 _aAntep.
597 _aSignaturizado.
650 7 _aAlgodón
_2embne
_9135552
752 _aFrancia -
_dParís
852 _aES-MaACL
_jG-11930
_z- Enc. hol.
999 _c163408
_d163408